| 000 | 00731nam a2200205 4500 | ||
|---|---|---|---|
| 005 | 20250523123752.0 | ||
| 010 | _aENG-145023 | ||
| 020 |
_c750.00 _a9788192216706 |
||
| 035 | _aEN-128555 | ||
| 037 | _bDBAD | ||
| 082 |
_a025.04 _21 |
||
| 245 |
_aUGC Natinal Seminar on Management of Digital/E-Resources/ _cEdited By N. Laxman Rao; S. Sudarshan Rao [and] K.H. Sunitha |
||
| 260 |
_aHyderabad _bSarojini Naidu Vanita Maha Vidhyalaya _c2011 |
||
| 270 |
_aExhibhition Grounds, M.J. Road _bHyderabad _e500001 |
||
| 300 |
_a742p. _c22cm(pb ) |
||
| 700 |
_aRao, N. Laxman _eEditor _981368 |
||
| 700 |
_aRao, S. Sudarshan _eEditor _981369 |
||
| 700 |
_aSunitha, K.H. _eEditor _981370 |
||
| 942 |
_2ddc _cEN _h025.04 _mUGC |
||
| 999 |
_c211398 _d211398 |
||